Statistics for US Presidents by Hint #2

Click here to take the quiz!

General Stats

  • This quiz has been taken 21 times
  • The average score is 13 of 15

Answer Stats

HintAnswer% Correct
The first African-American President.Barack Obama
100%
The first President.George Washington
100%
The only President to have resigned in office.Richard Nixon
100%
Is the only President in history to have been impeached twice.Donald Trump
95%
He gathered a coalition and invaded Iraq during the Gulf War.George H. W. Bush
95%
Led the United States during the Cuban Missile Crisis.John F. Kennedy
95%
Was an avid anticommunist, describing the Soviet Union as an "evil empire".Ronald Reagan
95%
Is infamous for being unable to alleviate the Great Depression at its beginning.Herbert Hoover
89%
The Father of the Constitution.James Madison
79%
He was slandered by Andrew Jackson for a "backroom deal" with Henry Clay.John Quincy Adams
79%
The last President to assume the presidency during a previous President's term.Gerald Ford
74%
Oversaw the Mexican-American War.James K. Polk
74%
Succeeded William Henry Harrison after his untimely death, but was rather unpopular.John Tyler
63%
Signed in the Kansas-Nebraska Act, and was known to oppose the abolitionist movement.Franklin Pierce
58%
Was the successor of Theodore Roosevelt, but apparently failed him after Roosevelt tried to run for reelection after ___'s first term.William Howard Taft
58%

Score Distribution

Percentile by Number Answered

Percent of People with Each Score

Your Score History

You have not taken this quiz